000 00297nam a2200133 i 4500
001 bg
100 1 _aSIEGFRIED, Robert
245 0 _aSilikatbeton /
_cRobert Siegfried.
260 _aBerlin,
_c1970.
040 _cBPK
041 _apol
942 _cKS
008 s pl f |000 0 pol
999 _c13288
_d13288
856 _uhttp://koha.tu.koszalin.pl/cgi-bin/koha/opac-detail.pl?biblionumber=13288
_yKatalog online BPK